NHL Players 1,500+ points - Sudden Death! - Statistics

General Stats
  • This quiz has been taken 811 times
    10 since last reset
  • The average score is 2 of 16
Answers on the Grid
Answers color-coded by a green-red scale on the quiz's grid according to % correct below.
Bobby Orr
Wayne Gretzky
Sergei Federov
Mark Recchi
Sidney Crosby
Phil Esposito
Bobby Hull
Brett Hull
Mario Lemieux
Mark Messier
Teemu Selanne
Henri Richard
Jaromir Jagr
Jari Kurri
Alexander Ovechkin
Adam Oates
Ron Francis
Henrik Sedin
Pavel Bure
Joe Thornton
Paul Coffey
Gordie Howe
Mike Bossy
Ray Bourque
Marcel Dionne
Eric Lindros
Peter Forsberg
Joe Sakic
Steve Yzerman
Bobby Clarke
 
Answer Stats
Answer % Correct
Wayne Gretzky
83%
Sidney Crosby
50%
Alexander Ovechkin
17%
Jaromir Jagr
17%
Mario Lemieux
17%
Mark Messier
17%
Mark Recchi
17%
Phil Esposito
17%
Gordie Howe
0%
Joe Sakic
0%
Joe Thornton
0%
Marcel Dionne
0%
Paul Coffey
0%
Ray Bourque
0%
Ron Francis
0%
Steve Yzerman
0%
No matching quizzes found
Score Distribution
Percent of People with Each Score
Percentile by Number Answered
Your Score History
You have not taken this quiz since the last reset